000 00347nam a2200145Ia 4500
005 20250508025307.0
008 240331s9999 xx 000 0 und d
082 _bBAL
_a894
100 _aBalasubramaniam, R
245 0 _aThillaiyattankarai
260 _aChennai
_bManimegalai Prasuram
_c1998
300 _a352 p .,
650 _aNovel
942 _cL
999 _c4307
_d4307